| 000 | 01040nam a2200205 u 4500 | ||
|---|---|---|---|
| 001 | 000583166 | ||
| 003 | AM-YeHGA | ||
| 005 | 20250617141312.0 | ||
| 008 | 080529s1987 ||| r 000 0 rus d | ||
| 040 | _aAM-YeHGA | ||
| 041 | 0 | _arus | |
| 100 | 1 | _aЕлизаров, Александр Михайлович | |
| 245 | 1 | 0 |
_aМатематические методы в библиотечной работе : _b(Учебно-методическое пособие) : [Для библиотечных факультетов институтов культуры, педагогических. вузов и университетов] / _cА.М. Елизаров, Ю.Е. Хохлов. |
| 260 |
_aКазань : _bИзд-во Казан. ун-та, _c1987. |
||
| 300 |
_a270 с. : _bил. |
||
| 504 | _aБиблиогр.: с. 267 | ||
| 653 | 0 | _aБиблиотечное дело - Математические методы - Учебники и пособия | |
| 700 | 1 | _aХохлов, Юрий Евгеньевич | |
| 090 | _c237603 | ||
| 999 |
_c236037 _d236037 |
||